Netscape Navigator quick tour for Windows : (Запис № 529646)
[ простий вигляд ]
| 000 -LEADER | |
|---|---|
| fixed length control field | 01754cam a2200421 a 4500 |
| 001 - CONTROL NUMBER | |
| control field | netscapenavigato00kidd |
| 003 - CONTROL NUMBER IDENTIFIER | |
| control field | CaSfIA |
| 005 - DATE AND TIME OF LATEST TRANSACTION | |
| control field | 20210118192426.0 |
| 007 - PHYSICAL DESCRIPTION FIXED FIELD--GENERAL INFORMATION | |
| fixed length control field | cr|||| |
| 008 - FIXED-LENGTH DATA ELEMENTS--GENERAL INFORMATION | |
| fixed length control field | 951107s1995 ncua 001 0 eng |
| 010 ## - LIBRARY OF CONGRESS CONTROL NUMBER | |
| LC control number | 95050053 |
| 040 ## - CATALOGING SOURCE | |
| Original cataloging agency | DLC |
| Transcribing agency | DLC |
| Modifying agency | BTCTA |
| -- | BAKER |
| -- | YDXCP |
| -- | OCLCG |
| -- | CaSfIA |
| 019 ## - | |
| -- | 123065684 |
| 020 ## - INTERNATIONAL STANDARD BOOK NUMBER | |
| International Standard Book Number | 1566043719 |
| 020 ## - INTERNATIONAL STANDARD BOOK NUMBER | |
| International Standard Book Number | 9781566043717 |
| 035 ## - SYSTEM CONTROL NUMBER | |
| System control number | (OCoLC)33666322 |
| Canceled/invalid control number | (OCoLC)123065684 |
| 050 00 - LIBRARY OF CONGRESS CALL NUMBER | |
| Classification number | TK5105.882 |
| Item number | .K53 1995 |
| 082 00 - DEWEY DECIMAL CLASSIFICATION NUMBER | |
| Classification number | 025.04 |
| Edition number | 20 |
| 029 1# - (OCLC) | |
| OCLC library identifier | NZ1 |
| System control number | 4262677 |
| 029 1# - (OCLC) | |
| OCLC library identifier | AU@ |
| System control number | 000012065739 |
| 100 1# - MAIN ENTRY--PERSONAL NAME | |
| Personal name | Kidder, Gayle. |
| 245 10 - TITLE STATEMENT | |
| Title | Netscape Navigator quick tour for Windows : |
| Medium | [electronic resource] |
| Remainder of title | accessing & navigating the Internets World Wide Web / |
| Statement of responsibility, etc | Gayle Kidder & Stuart Harris. |
| 250 ## - EDITION STATEMENT | |
| Edition statement | 2nd ed. |
| 260 ## - PUBLICATION, DISTRIBUTION, ETC. (IMPRINT) | |
| Place of publication, distribution, etc | Research Triangle Park, N.C. : |
| Name of publisher, distributor, etc | Ventana, |
| Date of publication, distribution, etc | c1995. |
| 300 ## - PHYSICAL DESCRIPTION | |
| Extent | xxix, 222 p. : |
| Other physical details | ill. ; |
| Dimensions | 19 x 23 cm. |
| 500 ## - GENERAL NOTE | |
| General note | First ed. by Stuart Harris. |
| 500 ## - GENERAL NOTE | |
| General note | Includes index. |
| 506 ## - RESTRICTIONS ON ACCESS NOTE | |
| Standardized terminology for access restriction | Необхідна авторизація на https://archive.org/ (створення облікового запису безкоштовно) |
| 506 ## - RESTRICTIONS ON ACCESS NOTE | |
| Standardized terminology for access restriction | Необхідна авторизація на https://openlibrary.org/ (створення облікового запису безкоштовно) |
| 630 00 - SUBJECT ADDED ENTRY--UNIFORM TITLE | |
| Uniform title | Netscape. |
| 650 #0 - SUBJECT ADDED ENTRY--TOPICAL TERM | |
| Topical term or geographic name as entry element | World Wide Web. |
| 650 #0 - SUBJECT ADDED ENTRY--TOPICAL TERM | |
| Topical term or geographic name as entry element | Internet. |
| 700 1# - ADDED ENTRY--PERSONAL NAME | |
| Personal name | Harris, Stuart |
| Fuller form of name | (Stuart H.) |
| 700 1# - ADDED ENTRY--PERSONAL NAME | |
| Personal name | Harris, Stuart |
| Fuller form of name | (Stuart H.). |
| Title of a work | Netscape quick tour for Windows. |
| 856 41 - ELECTRONIC LOCATION AND ACCESS | |
| Uniform Resource Identifier | <a href="http://www.archive.org/details/netscapenavigato00kidd">http://www.archive.org/details/netscapenavigato00kidd</a> |
| Public note | Free eBook from the Internet Archive |
| 856 42 - ELECTRONIC LOCATION AND ACCESS | |
| Uniform Resource Identifier | <a href="http://www.openlibrary.org/books/OL812804M">http://www.openlibrary.org/books/OL812804M</a> |
| Public note | Additional information and access via Open Library |
| 942 ## - ADDED ENTRY ELEMENTS (KOHA) | |
| Koha item type | ЕКнига |
Немає доступних примірників.